000 00803cab a2200241 4500
001 WB3325-15
008 090401t1997 xxu||||| |||| 00| 0 eng d
035 _a(Sirsi) u79180
041 _aeng
245 _aDoctors at sainsbury
260 _c1997
350 _a0
490 _aSunday Telegraph
_v22 June 1997, B1(1)
520 _aSainsbury is to open its first walk-in private medical centre in Sheffield in October 1997. Sinclair Montrose Healthcare will rent the site from Sainsbury and charge about £30 for consultations.
650 _aDOCTORS' SURGERIES
650 _aPRIVATE SURGERIES
650 _aSAINSBURY
650 _aSINCLAIR MONTROSE HEALTHCARE
650 _aWALK-IN SURGERIES
690 _aPROPERTY-COMMERCIAL PROPERTY-RETAIL PROPERTY
942 _n0
948 _c24/06/1997
999 _c49775
_d49775